000
00331nam a2200133Ia 4500
008
220204s9999 xx 000 0 und d
082
_a
294.118
_b
SUB
100
_a
Subramaniam, Kamala
245
0
_a
Srimad Bhagavatam
260
_a
Bombay
_b
Bharatiya Vidya Bhavan
_c
1979
650
_a
Bhagavatam
650
_a
Hinduism
942
_c
BK
999
_c
35284
_d
35284